Ιώσηπος άπαντα

Αποθηκεύτηκε σε:
Λεπτομέρειες βιβλιογραφικής εγγραφής
Κύριος συγγραφέας: Ιώσηπος Φλάβιος, 1ος αι. μ.Χ
Μορφή: Βιβλίο
Γλώσσα:Greek
Ancient Greek
Δημοσίευση: [Αθήνα] : Κάκτος, 1997-1998.
Σειρά:Έλληνες ; v.437 έως v.450
Θέματα:
Ετικέτες: Προσθήκη ετικέτας
Δεν υπάρχουν, Καταχωρήστε ετικέτα πρώτοι!

MARC

LEADER 00000cam a2200000 i 4500
001 1/14993
008 001221m19971998gr | ||| |||| ||gre||
020 |a 9603524409 
020 |a 9603524417 
020 |a 9603524425 
020 |a 9603524433 
020 |a 9603524441 
020 |a 960352445x 
020 |a 9603524468 
020 |a 9603524476 
020 |a 9603524484 
020 |a 9603524492 
020 |a 9603524506 
020 |a 9603524514 
020 |a 9603524522 
020 |a 9603524530 
020 |a 9603524549 
020 |a 9603524557 
035 |l 10065216 
040 |a GR-MY-UA  |b gre  |e aacr 
041 1 |a gre  |h grc 
082 7 |a 933   |2 (22) 
100 0 |a Ιώσηπος Φλάβιος,   |d 1ος αι. μ.Χ. 
245 1 0 |a Ιώσηπος άπαντα /   |c Ιώσηπος ; εισαγωγή, μετάφραση, σχόλια: Φιλολογική Ομάδα Κάκτου.  
260 |a [Αθήνα] :   |b Κάκτος,   |c 1997-1998.  
300 |a 16 τ.  
490 1 |a (Οι Έλληνες / Κάκτος ;   |v  vol.437 έως vol.450)  
500 |a Το αντίτυπο της Ρόδου με αριθμό εισαγωγής 123449 περιλαμβάνει τον 1ο και 2ο τόμο μαζί. Το αντίτυπο της Ρόδου με αριθμό εισαγωγής 123441 περιλαμβάνει τον 3ο και 4ο τόμο μαζί. Το αντίτυπο της Ρόδου με αριθμό εισαγωγής 123476 περιλαμβάνει τον 5ο, 6ο και 7ο τόμο μαζί. Το αντίτυπο της Ρόδου με αριθμό εισαγωγής 123472 περιλαμβάνει τον 8ο και 9ο τόμο μαζί. Το αντίτυπο της Ρόδου με αριθμό εισαγωγής 123466 περιλαμβάνει τον 10ο, 11ο και 12ο τόμο μαζί. Το αντίτυπο της Ρόδου με αριθμό εισαγωγής 123465 περιλαμβάνει τον 13ο και 14ο τόμο μαζί. Το αντίτυπο της Ρόδου με αριθμό εισαγωγής 123437 περιλαμβάνει τον 15ο και 16ο τόμο μαζί.  
505 0 |a Τ.1. Ιώσηπου βίος, Περί αρχαιότητος Ιουδαίων (Κατ' Απίωνος) -- τ.2. Ιστορία Ιουδαικού πολέμου προς Ρωμαίους Βιβλίον Α -- τ.3. Ιστορία Ιουδαικού πολέμου προς Ρωμαίους Βιβλία Β, Γ -- τ.4. Ιστορία Ιουδαικού πολέμου προς Ρωμαίους Βιβλία Δ, Ε -- τ.5. Ιστορία Ιουδαικού πολέμου προς Ρωμαίους Βιβλία ΣΤ, Ζ -- τ.6. Ιουδαικής Αρχαιολογίας Βιβλία Α, Β -- τ.7. Ιουδαικής Αρχαιολογίας Βιβλία Γ, Δ -- τ.8. Ιουδαικής Αρχαιολογίας Βιβλία Ε, ΣΤ -- τ.9. Ιουδαικής Αρχαιολογίας Βιβλία Ζ, Η -- τ.10. Ιουδαικής Αρχαιολογίας Βιβλία Θ, Ι -- τ.11. Ιουδαικής Αρχαιολογίας Βιβλία ΙΓ, ΙΔ -- τ.12. Ιουδαικής Αρχαιολογίας Βιβλία IA, IB -- τ.13. Ιουδαικής Αρχαιολογίας Βιβλία ΙΕ, ΙΣΤ -- τ.14. Ιουδαικής Αρχαιολογίας Βιβλία ΙΖ, ΙΗ -- τ.15. Ιουδαικής Αρχαιολογίας Βιβλία ΙΘ, Κ -- τ.16. Ιουδαικής Αρχαιολογίας Εισαγωγές, Ευρετήριο  
600 0 0 |a Ιώσηπος Φλάβιος,   |d 1ος αι. μ.Χ. 
650 0 0 |a Jews  |x History  |y To 70 A.D. 
650 0 0 |a Jews  |x Antiquities. 
830 0 |a Έλληνες ;  |v  v.437 έως v.450 
852 |a INST  |b LESVOS  |e 20001221  |h 933 ΙΩΣ  |p 005100029351  |q 005100029351  |t BK  |y 0  |z τ.6 
852 |a INST  |b LESVOS  |e 20001221  |h 933 ΙΩΣ  |p 005100029352  |q 005100029352  |t BK  |y 0  |z τ.7 
852 |a INST  |b LESVOS  |e 20001221  |h 933 ΙΩΣ  |p 005100029353  |q 005100029353  |t BK  |y 0  |z τ.8 
852 |a INST  |b LESVOS  |e 20001221  |h 933 ΙΩΣ  |p 005100029354  |q 005100029354  |t BK  |y 0  |z τ.9 
852 |a INST  |b LESVOS  |e 20001221  |h 933 ΙΩΣ  |p 005100029355  |q 005100029355  |t BK  |y 0  |z τ.10 
852 |a INST  |b LESVOS  |e 20001221  |h 933 ΙΩΣ  |p 005100029356  |q 005100029356  |t BK  |y 0  |z τ.11 
852 |a INST  |b LESVOS  |e 20001221  |h 933 ΙΩΣ  |p 005100029357  |q 005100029357  |t BK  |y 0  |z τ.12 
852 |a INST  |b LESVOS  |e 20001221  |h 933 ΙΩΣ  |p 005100029358  |q 005100029358  |t BK  |y 0  |z τ.13 
852 |a INST  |b LESVOS  |e 20001221  |h 933 ΙΩΣ  |p 005100029359  |q 005100029359  |t BK  |y 0  |z τ.16 
852 |a INST  |b LESVOS  |e 20001221  |h 933 ΙΩΣ  |p 005100029360  |q 005100029360  |t BK  |y 0  |z τ.15 
852 |a INST  |b LESVOS  |e 20001221  |h 933 ΙΩΣ  |p 005100029361  |q 005100029361  |t BK  |y 0  |z τ.14 
852 |a INST  |b LESVOS  |e 20001221  |h 933 ΙΩΣ  |p 005100029368  |q 005100029368  |t BK  |y 0  |z τ.1 
852 |a INST  |b LESVOS  |e 20001221  |h 933 ΙΩΣ  |p 005100029369  |q 005100029369  |t BK  |y 0  |z τ.5 
852 |a INST  |b LESVOS  |e 20001221  |h 933 ΙΩΣ  |p 005100029370  |q 005100029370  |t BK  |y 0  |z τ.4 
852 |a INST  |b LESVOS  |e 20001221  |h 933 ΙΩΣ  |p 005100029371  |q 005100029371  |t BK  |y 0  |z τ.3 
852 |a INST  |b LESVOS  |e 20001221  |h 933 ΙΩΣ  |p 005100029372  |q 005100029372  |t BK  |y 0  |z τ.2 
852 |a INST  |b LESVOS  |e 20001221  |h 933 ΙΩΣ  |p 005100029351  |q 005100029351  |t BK  |v τ.6:  |y 0  |z τ.6 
852 |a INST  |b LESVOS  |e 20001221  |h 933 ΙΩΣ  |p 005100029352  |q 005100029352  |t BK  |v τ.7:  |y 0  |z τ.7 
852 |a INST  |b LESVOS  |e 20001221  |h 933 ΙΩΣ  |p 005100029353  |q 005100029353  |t BK  |v τ.8:  |y 0  |z τ.8 
852 |a INST  |b LESVOS  |e 20001221  |h 933 ΙΩΣ  |p 005100029354  |q 005100029354  |t BK  |v τ.9:  |y 0  |z τ.9 
852 |a INST  |b LESVOS  |e 20001221  |h 933 ΙΩΣ  |p 005100029355  |q 005100029355  |t BK  |v τ.10:  |y 0  |z τ.10 
852 |a INST  |b LESVOS  |e 20001221  |h 933 ΙΩΣ  |p 005100029356  |q 005100029356  |t BK  |v τ.11:  |y 0  |z τ.11 
852 |a INST  |b LESVOS  |e 20001221  |h 933 ΙΩΣ  |p 005100029357  |q 005100029357  |t BK  |v τ.12:  |y 0  |z τ.12 
852 |a INST  |b LESVOS  |e 20001221  |h 933 ΙΩΣ  |p 005100029358  |q 005100029358  |t BK  |v τ.13:  |y 0  |z τ.13 
852 |a INST  |b LESVOS  |e 20001221  |h 933 ΙΩΣ  |p 005100029359  |q 005100029359  |t BK  |v τ.16:  |y 0  |z τ.16 
852 |a INST  |b LESVOS  |e 20001221  |h 933 ΙΩΣ  |p 005100029360  |q 005100029360  |t BK  |v τ.15:  |y 0  |z τ.15 
852 |a INST  |b LESVOS  |e 20001221  |h 933 ΙΩΣ  |p 005100029361  |q 005100029361  |t BK  |v τ.14:  |y 0  |z τ.14 
852 |a INST  |b LESVOS  |e 20001221  |h 933 ΙΩΣ  |p 005100029368  |q 005100029368  |t BK  |v τ.1:  |y 0  |z τ.1 
852 |a INST  |b LESVOS  |e 20001221  |h 933 ΙΩΣ  |p 005100029369  |q 005100029369  |t BK  |v τ.5:  |y 0  |z τ.5 
852 |a INST  |b LESVOS  |e 20001221  |h 933 ΙΩΣ  |p 005100029370  |q 005100029370  |t BK  |v τ.4:  |y 0  |z τ.4 
852 |a INST  |b LESVOS  |e 20001221  |h 933 ΙΩΣ  |p 005100029371  |q 005100029371  |t BK  |v τ.3:  |y 0  |z τ.3 
852 |a INST  |b LESVOS  |e 20001221  |h 933 ΙΩΣ  |p 005100029372  |q 005100029372  |t BK  |v τ.2:  |y 0  |z τ.2 
852 |a INST  |b RHODES  |c KRI  |e 20060403  |h  933 ΙΩΣ  |p 005400021121  |q 005400021121  |t BK  |v τ.5-7:  |y 0  |z τ.5-7 
852 |a INST  |b RHODES  |c KRI  |e 20060403  |h  933 ΙΩΣ  |p 005400021122  |q 005400021122  |t BK  |v τ.8-9:  |y 0  |z τ.8-9 
852 |a INST  |b RHODES  |c KRI  |e 20060403  |h  933 ΙΩΣ  |p 005400021126  |q 005400021126  |t BK  |v τ.13-14:  |y 0  |z τ.13-14 
852 |a INST  |b RHODES  |c KRI  |e 20060403  |h  933 ΙΩΣ  |p 005400021127  |q 005400021127  |t BK  |v τ.10-12:  |y 0  |z τ.10-12 
852 |a INST  |b RHODES  |c KRI  |e 20060403  |h  933 ΙΩΣ  |p 005400021137  |q 005400021137  |t BK  |v τ.15-16:  |y 0  |z τ.15-16 
852 |a INST  |b RHODES  |c KRI  |e 20060403  |h  933 ΙΩΣ  |p 005400021144  |q 005400021144  |t BK  |v τ.1-2:  |y 0  |z τ.1-2 
852 |a INST  |b RHODES  |c KRI  |e 20060403  |h  933 ΙΩΣ  |p 005400021145  |q 005400021145  |t BK  |v τ.3-4:  |y 0  |z τ.3-4 
853 |a INST  |b LESVOS  |h 933 ΙΩΣ 
853 |a INST  |b RHODES  |c KRI  |h  933 ΙΩΣ 
901 |a BIBL1-2000-4 
901 |a BIBL4-2006-1 
909 |a Λ  |b 072046 
909 |a Λ  |b 072047 
909 |a Λ  |b 072048 
909 |a Λ  |b 072049 
909 |a Λ  |b 072050 
909 |a Λ  |b 072051 
909 |a Λ  |b 072052 
909 |a Λ  |b 072053 
909 |a Λ  |b 072054 
909 |a Λ  |b 072055 
909 |a Λ  |b 072056 
909 |a Λ  |b 072057 
909 |a Λ  |b 072058 
909 |a Λ  |b 072059 
909 |a Λ  |b 072060 
909 |a Λ  |b 072061 
909 |a Ρ  |b 123449 
909 |a Ρ  |b 123441 
909 |a Ρ  |b 123476 
909 |a Ρ  |b 123472 
909 |a Ρ  |b 123466 
909 |a Ρ  |b 123465 
909 |a Ρ  |b 123437 
922 |a 1ΕΛΗ  |b 199912  |c ΤΑΚ/ΚΥΒ  |d ΠΑΠΑΣΩΤΗΡΙΟΥ 
970 |a ΤΖΑΦΕΡΗ  |b ΕΥΑΓΓΕΛΙΑ  |z 2000/12/21